000 00385pab a2200133 454500
008 180718b2015 xxu||||| |||| 00| 0 eng d
100 _aBanerjee, Sumanta
245 _aThe yogi as a pugilist: psychotherapy- cum- martial exercise in the Indian Armed forces
260 _c2015
300 _ap.10-13.
362 _a15 Aug
773 _aEconomic and Political Weekly
909 _a108843
999 _c108838
_d108838